El Museo Marítimo /
Descripción Física:
Il·lustracions
Colección:
San Jorge,
; núm. 6 (abril 1952), pàg 39-43
Materias:
Museu Marítim (Barcelona, Catalunya)
Idioma:
Español
MARC
| LEADER | 00000naa a2200000 a 4500 | ||
|---|---|---|---|
| 003 | Arxiu | ||
| 005 | 20260324181043.0 | ||
| 008 | 160829s1952 spcaxx s spa c | ||
| 040 | |a agdb | ||
| 100 | 1 | |a Cubas i Oliver, Enric, |d 1886-1966 |9 29434 | |
| 245 | 1 | 3 | |a El Museo Marítimo / |c por Enrique Cubas Oliver |
| 300 | |b Il·lustracions | ||
| 490 | |a San Jorge, |v núm. 6 (abril 1952), pàg 39-43 | ||
| 590 | |a Inclou 6 fotografies | ||
| 610 | 0 | |9 10020 |a Museu Marítim (Barcelona, Catalunya) | |
| 773 | |g Núm. 6 (abril 1952), pàg 39-43 |t San Jorge. | ||
| 901 | |a Arxiu | ||
| 942 | |n 1 |2 udc |c ART | ||
| 952 | |0 0 |1 0 |4 0 |6 REV508 |7 1 |9 64645 |a Arxiu |b Arxiu |d 2022-12-02 |l 0 |o Rev-508 |r 2022-12-02 00:00:00 |w 2022-12-02 |y ARXIU |z També disponible a Rev-521 | ||
| 999 | |c 49980 |d 49980 | ||